000 08071nam a22007337a 4500
005 20090121100857.0
008 090121t xxu||||| |||| 00| 1 eng d
010 _aB-358986
020 _a8130403374
_c150.00
020 _a9788130403373
_c150.00
035 _aB-358986
035 _aB-343779-815
037 _bBlueberry Books
040 _adpl
_bEnglish
082 _aS
245 _a200 great moral stories /
_cedited by Shyam Dua; illustrated by P.R.Rustagi
246 _aTwo hundred great moral stories
260 _aDelhi
_bTiny Tot Publications
_c2009
270 _a235, Jagriti Enclave , Vikas Marg
_bDelhi
_e110092
_k22167314, 22163582
_l91-11-22143023
_mtinytotpub@hotmail.com
300 _a176p. :
_bcol. photos
_c25cm(Hb)
700 _aDua, Shyam
_954578
700 _aRustagi, P.R.
_954579
942 _2ddc
_cCH
_hS
_mGRE
999 _c21863
_d21863